00387nam a22001577a 4500003000400000008004100004020001800045082001600063100002200079245003100101260003400132300001100166650001800177700001700195700001700212OSt260112b |||||||| |||| 00| 0 eng d a9789391208837 a615.321 DOT aDohare, Sneh Lata aText Book of Pharmacognosy aN.DelhibI.P Innovativec2023 avi,145 aPharmacognosy aMathur, Riya aUddin, Rehan